Nuevas políticas económicas de izquierda en América Latina /

Obra que reúne las ponencias presentadas en el Seminario sobre Nuevas Políticas Económicas en América Latina, celebrado del 7 al 10 de abril de 2008 en Jalapa, Veracruz. Allí se analizan las políticas económicas adoptadas por los gobiernos de izquierda de Argentina, Brasil, Ecuador y Uruguay, durant...

Description complète

Enregistré dans:
Détails bibliographiques
Collectivité auteur: Seminario sobre Nuevas Políticas Económicas en América Latina ( Jalapa, México)
Autres auteurs: Lichtensztejn, Samuel (compilación) (compilación)
Format: Actes de congrès Livre
Langue:espagnol
Publié: Jalapa, México : Universidad Veracruzana, 2009, c2009
Collection:(Biblioteca Universidad Veracruzana)
Sujets:
Tags: Ajouter un tag
Pas de tags, Soyez le premier à ajouter un tag!

MARC

LEADER 00000nam^a2200000^a^4500
001 000303738
005 20250521000000.0
009 20260310112658.272
020 |a 978-607-7605-09-6 
037 |a Acervo ITESO - Biblioteca 
041 |a ESP 
082 |a 330. 980  |b SEM 2008 
111 |a Seminario sobre Nuevas Políticas Económicas en América Latina (  |d 2008 :  |c Jalapa, México) 
245 1 0 |a Nuevas políticas económicas de izquierda en América Latina /  |c Comp. de S. Lichtensztejn. 
264 4 |a Jalapa, México :  |b Universidad Veracruzana,  |c 2009, c2009 
300 |a 176 p. 
336 |a texto  |b txt  |2 rdacontenido 
337 |a sin mediación  |b n  |2 rdamedio 
338 |a volumen  |b nc  |2 rdasoporte 
440 1 |a (Biblioteca Universidad Veracruzana) 
520 |a Obra que reúne las ponencias presentadas en el Seminario sobre Nuevas Políticas Económicas en América Latina, celebrado del 7 al 10 de abril de 2008 en Jalapa, Veracruz. Allí se analizan las políticas económicas adoptadas por los gobiernos de izquierda de Argentina, Brasil, Ecuador y Uruguay, durante los primeros años del siglo XXI; también se aborda el caso de México. 
649 |a XX 
650 |a Política Económica -  |z Latinoamérica -  |x Congresos -  |x Tema Principal 
650 |a Liberalismo y Neoliberalismo Económicos -  |z Latinoamérica 
650 |a Desarrollo Económico-Social -  |z Latinoamérica 
650 |a Economía -  |z Latinoamérica -  |x Historia -  |y 2000-2009 
650 |a Economía -  |z Latinoamérica -  |x Historia -  |y Siglo XXI 
650 |a Latinoamérica -  |x Condiciones Económicas 
700 |a Lichtensztejn, Samuel  |e (compilación) 
910 |a Fondo General 
920 |a Impresos - Libros 
930 |a Colección General 
905 |a 101 
901 |a 0500189970  |b IT1  |c ACC  |i C124491  |u 20250521 
902 |a https://opac.biblio.iteso.mx/vufind/Record/000303738